the planning of tree planting and ameliorate local tree species in phnom penh to become a tourism city (គំរោងផែនការដំាដុះ និងគ្រប់គ្របកែលំអដំណុះឈើក្នុងស្រុក នៅរាជធានីភ្នំពេញដើម្បីប្រក្លាយជាទីក្រុុងទេសចរណ៍ (Record no. 3458)
[ view plain ]
| 000 -LEADER | |
|---|---|
| fixed length control field | 00761nam a22001577a 4500 |
| 003 - CONTROL NUMBER IDENTIFIER | |
| control field | OSt |
| 005 - DATE AND TIME OF LATEST TRANSACTION | |
| control field | 20151116105230.0 |
| 008 - FIXED-LENGTH DATA ELEMENTS--GENERAL INFORMATION | |
| fixed length control field | 151116b xxu||||| |||| 00| 0 eng d |
| 040 ## - CATALOGING SOURCE | |
| Transcribing agency | RUA |
| 082 ## - DEWEY DECIMAL CLASSIFICATION NUMBER | |
| Classification number | FOR HOR 2003 B143 Or.1 |
| 100 ## - MAIN ENTRY--PERSONAL NAME | |
| 9 (RLIN) | 3713 |
| Personal name | HOR, PHALY. |
| 245 ## - TITLE STATEMENT | |
| Title | the planning of tree planting and ameliorate local tree species in phnom penh to become a tourism city (គំរោងផែនការដំាដុះ និងគ្រប់គ្របកែលំអដំណុះឈើក្នុងស្រុក នៅរាជធានីភ្នំពេញដើម្បីប្រក្លាយជាទីក្រុុងទេសចរណ៍ |
| 260 ## - PUBLICATION, DISTRIBUTION, ETC. (IMPRINT) | |
| Place of publication, distribution, etc. | Phnom Penh |
| Name of publisher, distributor, etc. | RUA |
| Date of publication, distribution, etc. | 2003 |
| 300 ## - PHYSICAL DESCRIPTION | |
| Extent | 45p. |
| Other physical details | ill. |
| Dimensions | 29cm. |
| 942 ## - ADDED ENTRY ELEMENTS (KOHA) | |
| Source of classification or shelving scheme | |
| Koha item type | FOR |
| Price effective from | Date last seen | Permanent Location | Not for loan | Date acquired | Source of classification or shelving scheme | Koha item type | Lost status | Withdrawn status | Date last checked out | Total Checkouts | Shelving location | Damaged status | Barcode | Current Location | Full call number |
|---|---|---|---|---|---|---|---|---|---|---|---|---|---|---|---|
| 2015-11-16 | 2015-11-16 | Library Block B | 2015-11-16 | FOR | B143 | RUA027645 | Library Block B | FOR HOR 2003 B143 Or.1 | |||||||
| 2015-11-16 | 2015-11-16 | Library Block B | 2015-11-16 | FOR | B143 | RUA027988 | Library Block B | FOR HOR 2003 B143 Or.2 | |||||||
| 2015-11-16 | 2015-11-16 | Library Block B | 2015-11-16 | FOR | B143 | RUA027723 | Library Block B | FOR HOR 2003 B143 Or.3 | |||||||
| 2015-11-16 | 2016-06-13 | Library Block B | 2015-11-16 | FOR | 2016-05-26 | 1 | B143 | RUA026644 | Library Block B | FOR HOR 2003 B143 Or.4 | |||||
| 2015-11-16 | 2015-11-16 | Library Block B | 2015-11-16 | FOR | B143 | RUA026786 | Library Block B | FOR HOR 2003 B143 Or.5 | |||||||
| 2015-11-16 | 2015-11-16 | Library Block B | 2015-11-16 | FOR | B143 | RUA026642 | Library Block B | FOR HOR 2003 B143 Or.6 | |||||||
| 2015-11-16 | 2015-11-16 | Library Block B | 2015-11-16 | FOR | B143 | RUA028763 | Library Block B | FOR HOR 2003 B143 Or.7 |